Biblioteca y Centro de Documentación

Hispacoop info (Registro nro. 25477)

Detalles MARC
000 -CABECERA
Longitud fija campo de control 02102nas a2200529 c 4500
001 - NÚMERO DE CONTROL
Número de control 25477
003 - IDENTIFICADOR DE NÚMERO DE CONTROL
Identificador del número de control ES-MaCES
005 - FECHA Y HORA DE LA ÚLTIMA TRANSACCIÓN
Fecha y hora de la última transacción 20250331085356.0
007 - PHYSICAL DESCRIPTION FIXED FIELD--GENERAL INFORMAT
Campo fijo de descripción física cr |||||||||||
008 - CAMPO FIJO DE DESCRIPCIÓN FIJA--INFORMACIÓN GENERAL
Códigos de información de longitud fija   951116d19952006sp x| | 0spa d
035 ## - NÚMERO DE CONTROL DEL SISTEMA
Número de control del sistema CES19980004587p
Número de control cancelado;no válido 10471
040 ## - FUENTE DE CATALOGACIÓN
Centro catalogador de origen ES-MaCES
Lengua de catalogación spa
Centro transcriptor ES-MaCES
100 1# - ENCABEZAMIENTO PRINCIPAL--NOMBRE PERSONAL
Nombre de persona Alía Ramos, Manuel
9 (RLIN) 5927
245 10 - MENCIÓN DE TÍTULO
Título Hispacoop info
Resto del título : boletín informativo de la Confederación Española de Cooperativas de Consumidores y Usuarios
Mención de responsabilidad, etc. por Manuel Alía Ramos y Juana Montané Merinero
250 ## - MENCIÓN DE EDICIÓN
Mención de edición 1ª ed
260 ## - PUBLICACIÓN, DISTRIBUCIÓN, ETC (PIE DE IMPRENTA)
Lugar de publicación, distribución, etc. Barcelona (Gran Vía, 604, 08007)
-- Madrid (Vallehermoso, 15, 28015)
Nombre del editor, distribuidor, etc. Confederación Española de Cooperativas de Consumidores y Usuarios
Fecha de publicación, distribución, etc. 1995-2006
300 ## - DESCRIPCIÓN FÍSICA
Extensión v.
Dimensiones 30 cm
310 ## - PERIODICIDAD ACTUAL DE LA PUBLICACIÓN
Periodicidad actual Irregular
490 1# - MENCIÓN DE SERIE
Mención de serie Monografías laborales
Designación de volumen o secuencia 4
500 ## - NOTA GENERAL
Nota general A partir n. 82 (oct. 2006) sólo en ed. electrónica
500 ## - NOTA GENERAL
Nota general Descripción basada en: n. 3 (mayo 1995)
500 ## - NOTA GENERAL
Nota general Tít. tomado de la cub
541 ## - NOTA DE LA FUENTE INMEDIANTE DE ADQUISICIÓN
Forma de adquisición Gratuito
650 #4 - ASIENTO SECUNDARIO DE MATERIA--TÉRMINO DE MATERIA
Término de materia o nombre geográfico como elemento inicial derechos de los trabajadores
9 (RLIN) 29924
650 #4 - ASIENTO SECUNDARIO DE MATERIA--TÉRMINO DE MATERIA
Término de materia o nombre geográfico como elemento inicial condiciones de trabajo
9 (RLIN) 28327
650 #4 - ASIENTO SECUNDARIO DE MATERIA--TÉRMINO DE MATERIA
Término de materia o nombre geográfico como elemento inicial ascenso
9 (RLIN) 28217
650 #4 - ASIENTO SECUNDARIO DE MATERIA--TÉRMINO DE MATERIA
Término de materia o nombre geográfico como elemento inicial desplazamiento industrial
9 (RLIN) 28353
650 #4 - ASIENTO SECUNDARIO DE MATERIA--TÉRMINO DE MATERIA
Término de materia o nombre geográfico como elemento inicial movilidad de la mano de obra
9 (RLIN) 28354
650 #4 - ASIENTO SECUNDARIO DE MATERIA--TÉRMINO DE MATERIA
Término de materia o nombre geográfico como elemento inicial calificación profesional
9 (RLIN) 28319
650 #4 - ASIENTO SECUNDARIO DE MATERIA--TÉRMINO DE MATERIA
Término de materia o nombre geográfico como elemento inicial clasificación de empleos
9 (RLIN) 28312
650 #4 - ASIENTO SECUNDARIO DE MATERIA--TÉRMINO DE MATERIA
Término de materia o nombre geográfico como elemento inicial Estatuto de los Trabajadores
9 (RLIN) 30784
650 #4 - ASIENTO SECUNDARIO DE MATERIA--TÉRMINO DE MATERIA
Término de materia o nombre geográfico como elemento inicial publicación periódica
9 (RLIN) 28957
650 #4 - ASIENTO SECUNDARIO DE MATERIA--TÉRMINO DE MATERIA
Término de materia o nombre geográfico como elemento inicial protección del consumidor
9 (RLIN) 29407
650 #4 - ASIENTO SECUNDARIO DE MATERIA--TÉRMINO DE MATERIA
Término de materia o nombre geográfico como elemento inicial consumo
9 (RLIN) 27907
650 #4 - ASIENTO SECUNDARIO DE MATERIA--TÉRMINO DE MATERIA
9 (RLIN) 28371
Término de materia o nombre geográfico como elemento inicial actitud de la dirección
653 10 - TÉRMINO DE INDEXACIÓN--NO CONTROLADO
Término no controlado Organizaciones
700 1# - ENCABEZAMIENTO SECUNDARIO--NOMBRE PERSONAL
Nombre de persona Montané Merinero, Juana
9 (RLIN) 18875
710 2# - ENCABEZAMIENTO SECUNDARIO--NOMBRE CORPORATIVO
Nombre de entidad o nombre de jurisdicción como elemento inicial Confederación Española de Cooperativas de Consumidores y Usuarios
9 (RLIN) 2252
780 00 - ENTRADA ANTERIOR
Título Boletín informativo HISPACOOP
Número de control del registro relacionado (ES-MaCES)25049
830 #0 - ENCABEZAMIENTO SECUNDARIO DE COLECCIÓN--TÍTULO UNIFORME
Título uniforme Monografías laborales (Editorial CISS)
Designación de volumen o secuencia 4
9 (RLIN) 32061
853 21 - LEYENDAS Y PATRÓN--UNIDAD BIBLIOGRÁFICA BÁSICA
Segundo nivel de enumeración n.
Primer nivel de cronología año
Segundo nivel de cronología mes
Continuidad en la numeración c
Frecuencia b
866 #0 - FUENTES TEXTUALES--UNIDAD BIBLIOGRÁFICA BÁSICA
Holdings textuales (1995) 1996-1997 (1998) 1999 (2000-2005) 2006.
Nota pública Ubicación: DEPÓSITO - 10471
905 ## - CES. DATOS REVISTA
Boletín de sumarios (Sirtex 591$a) Boletín B
Kardex
Proceso +
942 ## - ELEMENTOS KOHA
Fuente de clasificaión o esquema Clasificación propia del CES
Koha [por defecto] tipo de item Periódicas
Parte de clasificación Administración e Instituciones Públicas
Existencias
Serie de enumeración ; cronología Número de registro Préstamos totales Tipo de item de Koha
N. 31 (may. 1995) 010100   Periódicas
N. 32 (jun. 1995) 010909   Periódicas
N. 34 (oct. 1995) 012159   Periódicas
N. 35 (dic. 1995) 012768   Periódicas
N. 36 (feb. 1996) 000781   Periódicas
N. 37 (mar.-abr. 1996) 014195   Periódicas
N. 38 (jun. 1996) 015424   Periódicas
N. 39 (oct. 1996) 016909   Periódicas
N. 40 (ene. 1997) 018120   Periódicas
N. 41 (feb. 1997) 018801   Periódicas
N. 42 (may. 1997) 020632   Periódicas
N. 43 (oct. 1997) 022092   Periódicas
N. 44 (dic. 1997) 023513   Periódicas
N. 45 (ene. 1998) 024237   Periódicas
N. 46 (abr. 1997) (sic) 025359   Periódicas
N. 48 (oct. 1998) 027734   Periódicas
N. 49 (nov. 1998) 027759   Periódicas
n. 50 (marzo 1999) 029574   Periódicas
n. 51 (mayo 1999) 030494   Periódicas
n. 52 (sept. 1999) 032066   Periódicas
n. 53 (dic. 1999) 033971   Periódicas
n. 55 (jul. 2000) 038121   Periódicas
n. 54 (marzo 2000) 038212   Periódicas
n. 56 (oct. 2000) 038936   Periódicas
n. 57 (nov. 2000) 040178   Periódicas
n. 61 (oct. 2001) 044732   Periódicas
n. 62 (en. 2002) 046858   Periódicas
n. 63 (abr. 2002) 047916   Periódicas
n. 65 (sept. 2002) 049632   Periódicas
n. 66 (feb. 2003) 052114   Periódicas
n. 67 (mayo 2003) 053927   Periódicas
n. 72 (jul. 2004) 058190   Periódicas
n. 79 (dic. 2005) 063462   Periódicas
n. 80 (marzo 2006) 064008   Periódicas
n. 78 (oct. 2005) 065015   Periódicas
n. 81 (jun. 2006) 065016   Periódicas
© CES, Consejo Económico y Social de España 2021